Statistics for U.S. States with C

Click here to take the quiz!

General Stats

  • This quiz has been taken 121 times
  • The average score is 8 of 10

Answer Stats

C state% Correct
California
96%
Colorado
95%
Connecticut
90%
North Carolina
89%
South Carolina
88%
Michigan
75%
Kentucky
67%
Wisconsin
67%
Massachusetts
61%
New Mexico
58%

Score Distribution

Percentile by Number Answered

Percent of People with Each Score

Your Score History

You have not taken this quiz